| 000 | 00416nam a22001457a 4500 | ||
|---|---|---|---|
| 020 | _qPB. | ||
| 040 | _cFIZZA ISHAQ | ||
| 082 |
_a346.7307 _bMIL |
||
| 100 |
_a Miller , Roger LeRoy. _9134123 |
||
| 245 |
_aFundamentals of business law / _cRoger LeRoy Miller. |
||
| 250 | _a6th ED. | ||
| 260 |
_aCanada: _bTHOMSON South-Western, _c2005. |
||
| 300 |
_aiii-xvii, 800 p. ; G-I ,I-26 _c10 x 8.5 inches, |
||
| 942 |
_2ddc _cBK |
||
| 999 |
_c617065 _d617065 |
||